| 000 | 01348nam a2200385 a 4500 | ||
|---|---|---|---|
| 001 | 000107888 | ||
| 003 | CHAP | ||
| 005 | 20230613062625.0 | ||
| 008 | 131114s2012 mx a |r| |||||||spa d | ||
| 010 | _a104350 | ||
| 011 | _a105322 | ||
| 020 | _a9786077761273 | ||
| 040 | _cCHAP | ||
| 082 | 0 | 4 |
_a361.772 _bG52 |
| 100 | 1 |
_aGirardo, Cristina _948125 |
|
| 245 | 1 | 4 |
_aLas organizaciones de la sociedad civil en México y la cooperación internacional para el desarrollo : _benfoques y estrategias / _cpor Cristina Girardo, Prudencio Mochi Alemán. |
| 260 |
_aZinacantepec, Edo. de Méx : _bEl Colegio Mexiquense, _c2012. |
||
| 300 |
_a94 p. : _bil. |
||
| 490 | 1 |
_aAvances de investigación _v; 7 |
|
| 590 |
_aE11695DGD _b10 _c20131118 _lUCH01 _h0941 |
||
| 590 |
_aE5995AHE _b05 _c20131114 _lUCH01 _h1114 |
||
| 590 |
_aE5995AHE _b05 _c20131114 _lUCH01 _h1146 |
||
| 590 |
_aE5995AHE _b05 _c20131114 _lUCH01 _h1148 |
||
| 590 |
_aE5995AHE _b05 _c20131114 _lUCH01 _h1155 |
||
| 590 |
_aE5995AHE _b05 _c20131114 _lUCH01 _h1156 |
||
| 650 | 1 | 4 |
_aAyuda económica. _99033 |
| 650 | 1 | 7 |
_aCooperación internacional _2 _927771 |
| 650 | 1 | 4 |
_aOrganizaciones civiles. _983531 |
| 650 | 1 | 4 |
_aSociedad primitiva. _9108106 |
| 700 | 1 |
_aMochi Alemán, Prudencio _9124617 |
|
| 830 | 0 |
_aAvances de investigación _v; 7 _98476 |
|
| 901 | _aBK | ||
| 942 | _cLIBRO | ||
| 942 | _n0 | ||
| 999 |
_c104350 _d104350 |
||